British Wind Energy Association (Record no. 119840)

MARC details
000 -LEADER
fixed length control field 00797cam a2200205 4500
001 - CONTROL NUMBER
control field WS114144
008 - FIXED-LENGTH DATA ELEMENTS--GENERAL INFORMATION
fixed length control field 010815n 000 0 eng u
035 ## - SYSTEM CONTROL NUMBER
System control number (Sirsi) u114144
110 ## - MAIN ENTRY--CORPORATE NAME
Corporate name or jurisdiction name as entry element British Wind Energy Association
9 (RLIN) 3338
245 ## - TITLE STATEMENT
Title British Wind Energy Association
520 ## - SUMMARY, ETC.
Summary, etc. Web site for this organisation which represents companies involved in the UK wind energy business. Includes a list of developers, details of projects and a good FAQ section.
650 ## - SUBJECT ADDED ENTRY--TOPICAL TERM
Topical term or geographic name entry element RENEWABLE ENERGY
650 ## - SUBJECT ADDED ENTRY--TOPICAL TERM
Topical term or geographic name entry element WIND FARMS
650 ## - SUBJECT ADDED ENTRY--TOPICAL TERM
Topical term or geographic name entry element Environment
9 (RLIN) 6238
650 ## - SUBJECT ADDED ENTRY--TOPICAL TERM
Topical term or geographic name entry element ORGANISATION
650 ## - SUBJECT ADDED ENTRY--TOPICAL TERM
Topical term or geographic name entry element PLANNING
690 ## - LOCAL SUBJECT ADDED ENTRY--TOPICAL TERM (OCLC, RLIN)
Topical term or geographic name as entry element ENVIRONMENTAL AND LAND CONSULTANCY-ENERGY
856 40 - ELECTRONIC LOCATION AND ACCESS
Uniform Resource Identifier <a href="https://www.britishwindenergy.co.uk/">https://www.britishwindenergy.co.uk/</a>
Public note View the website free of charge at www.britishwindenergy.co.uk/...
942 ## - ADDED ENTRY ELEMENTS (KOHA)
Suppress in OPAC 0
Holdings
Withdrawn status Lost status Source of classification or shelving scheme Damaged status Not for loan Home library Current library Shelving location Date acquired Total Checkouts Full call number Barcode Date last seen Copy number Price effective from Koha item type
    Dewey Decimal Classification     Virtual Virtual Online 15/08/2001   WEB SITE 114144-2001 06/08/2019 1 06/08/2019 Online material